ODYSSEUS 2000 : the first international workshop on freight transportation and logistics : Chania, Crete, Greece, May 23-26, 2000
Αποθηκεύτηκε σε:
| Συλλογικό Έργο: | , , |
|---|---|
| Μορφή: | Βιβλίο |
| Γλώσσα: | English |
| Δημοσίευση: |
[s.n.] :
[s.l.],
2000
|
| Θέματα: | |
| Ετικέτες: |
Προσθήκη ετικέτας
Δεν υπάρχουν, Καταχωρήστε ετικέτα πρώτοι!
|
MARC
| LEADER | 00000nam a2200000 i 4500 | ||
|---|---|---|---|
| 001 | 1/65720 | ||
| 008 | 020521s2000 eng d | ||
| 035 | |l 10001604 | ||
| 040 | |a GR-MY-UA |b gre |e aacr | ||
| 041 | 0 | |a eng | |
| 082 | 0 | |a 388.044 | |
| 245 | 1 | 0 | |a ODYSSEUS 2000 : |b the first international workshop on freight transportation and logistics : Chania, Crete, Greece, May 23-26, 2000 / |c organized by RWTH Aachen and CRT Montreal |
| 246 | 3 | 3 | |a ODYSSEUS 2000 |
| 260 | |a [s.n.] : |b [s.l.], |c 2000 | ||
| 300 | |a 170 p. | ||
| 504 | |a Includes bibliographical references and index | ||
| 650 | 0 | 0 | |a Transportation |x Congresses. |
| 650 | 0 | 0 | |a Shipment of goods |x Data processing |x Congresses. |
| 650 | 0 | 0 | |a Freight and freightage |x Congresses. |
| 650 | 0 | 0 | |a Business logistics |x Congresses. |
| 710 | 2 | |a Odysseus 2000 international workshop on freight transportation and logistics. | |
| 710 | 2 | |a RWTH Aachen. | |
| 710 | 2 | |a CRT Montreal. | |
| 852 | |a INST |b CHIOS |e 20020521 |h 388.044 ODY |p 005200020651 |q 005200020651 |t BK |y 0 | ||
| 901 | |a BIBL2-2002-2 | ||
| 909 | |a Χ |b 098365 | ||
| 970 | |a ΣΑΛΑΜΟΥΡΑ |b ΜΑΡΙΑ |z 2002/05/21 | ||